Mathematical theory of compressible fluid flow

Guardado en:
Detalles Bibliográficos
Autor principal: Mises, Richard von (autor)
Formato: Libro
Lenguaje:inglés
Publicado: Nueva York Academic Press 1958
Colección:Applied Mathematics and Mechanics
Materias:
Etiquetas: Agregar Etiqueta
Sin Etiquetas, Sea el primero en etiquetar este registro!

MARC

LEADER 00000nam a2200000 a 4500
001 UCT4860
003 CL-VaPUC
008 961127e19580000US |||||||||||||||||eng|d
082 0 4 |a 530.1  |b MIS  |2 21 
100 |a Mises, Richard von  |e autor  |9 374138 
245 1 0 |a Mathematical theory of compressible fluid flow 
300 |a 514 p 
942 |c BK 
945 |d 19961127 00:00:00  |a cmena 
260 |a Nueva York  |b Academic Press  |c 1958 
650 0 |a Matemática  |9 260235 
650 0 |a Matemática aplicada   |9 260236 
650 0 |a Física teórica  |9 345827 
650 0 |a Física matemática   |9 260981 
650 0 |a partículas elementales  |9 349874 
650 0 |a Propagación de ondas  |9 263256 
650 0 |a Mecánica de fluidos   |9 259464 
583 |a last modification  |c 19961127 00:00:00  |k Rodrigo Vera 
490 0 |a Applied Mathematics and Mechanics 
999 |c 253987  |d 253985